000
00350 a2200169 4500
001
184317
020
_a
85-357-0411-6
040
_c
Magnum
100
_a
Jose, Elias
240
1
0
_a
De amora e amor
_l
por
245
1
0
_a
De amora e amor
300
_a
56
362
0
_a
2004
440
1
_a
Atual Editora
697
_a
LITERATURA JUVENIL
942
_c
BK
999
_c
184317
_d
184317